|
|
|
|
| LEADER |
00000naa2a2200000 4500 |
| 001 |
606965 |
| 005 |
20260311141342.0 |
| 035 |
|
|
|a (RuTPU)RU\TPU\conf\4344
|
| 035 |
|
|
|a RU\TPU\conf\4343
|
| 090 |
|
|
|a 606965
|
| 100 |
|
|
|a 20140623d2014 k y0rusy50 ca
|
| 101 |
0 |
|
|a rus
|
| 102 |
|
|
|a RU
|
| 135 |
|
|
|a drcn ---uucaa
|
| 181 |
|
0 |
|a i
|
| 182 |
|
0 |
|a b
|
| 200 |
1 |
|
|a Влияние размещения газовых инфракрасных излучателей на энергоэффективность их применения в системах отопления
|d Influence of placement gas infrared emitters on the energy-effectiveness of their application in the heating systems
|f В. И. Максимов, Т. А. Нагорнова
|g науч. рук. Г. В. Кузнецов
|
| 203 |
|
|
|a Текст
|c электронный
|
| 215 |
|
|
|a 1 файл(590 Кб)
|
| 225 |
1 |
|
|a Математика
|
| 300 |
|
|
|a Заглавие с экрана
|
| 320 |
|
|
|a [Библиогр.: с. 638 (4 назв.)]
|
| 330 |
|
|
|a Results of numerical simulation of free-convective heat transfer in closed rectangular region heated by infrared emitter are presented. Is carried out the comparative analysis of heat transfer regimes in the considered region for three different mounting options height of infrared emitters.
|
| 337 |
|
|
|a Adobe Reader
|
| 463 |
|
1 |
|0 (RuTPU)RU\TPU\conf\3586
|t Перспективы развития фундаментальных наук
|l Prospects of fundamental sciences development
|o сборник научных трудов XI Международной конференция студентов и молодых ученых, г. Томск, 22-25 апреля 2014 г.
|f Национальный исследовательский Томский политехнический университет (ТПУ) ; под ред. Е. А. Вайтулевич
|v [С. 636-638]
|d 2014
|
| 510 |
1 |
|
|a Influence of placement gas infrared emitters on the energy-effectiveness of their application in the heating systems
|z eng
|
| 610 |
1 |
|
|a электронный ресурс
|
| 610 |
1 |
|
|a труды учёных ТПУ
|
| 610 |
1 |
|
|a размещение
|
| 610 |
1 |
|
|a газовые излучатели
|
| 610 |
1 |
|
|a инфракрасные излучатели
|
| 610 |
1 |
|
|a энергоэффективность
|
| 610 |
1 |
|
|a системы отопления
|
| 610 |
1 |
|
|a отопление
|
| 700 |
|
1 |
|a Максимов
|b В. И.
|c специалист в области теплотехники
|c доцент Томского политехнического университета, кандидат технических наук
|f 1977-
|g Вячеслав Иванович
|3 (RuTPU)RU\TPU\pers\25530
|9 11460
|
| 701 |
|
1 |
|a Нагорнова
|b Т. А.
|c специалист в области теплотехники
|c доцент Томского политехнического университета, кандидат технических наук
|f 1981-
|g Татьяна Александровна
|3 (RuTPU)RU\TPU\pers\29375
|9 13957
|
| 702 |
|
1 |
|a Кузнецов
|b Г. В.
|c специалист в области теплоэнергетики
|c профессор Томского политехнического университета, доктор физико-математических наук
|f 1949-
|g Гений Владимирович
|4 727
|
| 712 |
0 |
2 |
|a Национальный исследовательский Томский политехнический университет (ТПУ)
|b Энергетический институт (ЭНИН)
|b Кафедра теоретической и промышленной теплотехники (ТПТ)
|3 (RuTPU)RU\TPU\col\18679
|
| 801 |
|
1 |
|a RU
|b 63413507
|c 20101016
|
| 801 |
|
2 |
|a RU
|b 63413507
|c 20150325
|g RCR
|
| 856 |
4 |
|
|u http://www.lib.tpu.ru/fulltext/c/2014/C21/213.pdf
|
| 942 |
|
|
|c CF
|